The son of mad mat lela

שמור ב:
מידע ביבליוגרפי
פורמט: ספר
תגים: הוספת תג
אין תגיות, היה/י הראשונ/ה לתייג את הרשומה!
Thư viện lưu trữ: Mạng thư viện Đại học Đà Nẵng
LEADER 00403nam a22001691a 4500
001 000040559
003 16854
005 20160412023235.0
008 160412s0 000
082 |a A2394 
245 |a The son of mad mat lela  |c Ishak Haji 
OWN |a LNN 
999 |a From the UDN01 
TYP |a Monograph 
980 |a Mạng thư viện Đại học Đà Nẵng